000 00745 a2200169 4500
003 Nust
005 20230331093506.0
020 _a1850514674
040 _cNust
082 _a808.8992,PER
100 _aParrault, Charles
_9111628
245 _aThe best book of fairy tales /
_cCharles Parraul & Madame d'Aulnoy
260 _aLondon
_bTreasure Press
_c1988
300 _a214 p
505 _aLittle Red Riding Hood (Page-6), Cinderella (Page-10), Tom Thumb (Page-21), The Sleeping Beauty (Page-36), Puss in Boots (Page-51), The Fairy (Page-57), Donkey Skin (Page-62), The Prince with the Tuft (Page-82), Blue Bread (Page-92), The Blue Bird (Page-100), The Yellow Dwarf (Page-138), The Green Serpent (Page-169).
942 _2ddc
_cBK
_k808.8992,PER
999 _c191020
_d191020